000 00760nam a2200289Ia 4500
001 Z_866
003 CHAP
008 220113s1986 xx 000 0 und d
010 _a163529
040 _cCHAP
082 _a636.2 B8
100 _aButtery, P J
_916466
245 _aControl and manipulation of animal growth /
_cby P. J. Buttery, D. B. Lindsay and N. B. Haynes
260 _aLondon :
_bButterworths,
_c1986
300 _a347 p. :
_bilus.
440 _a
500 _a
503 _a150667
650 _aFisiologĂ­a animal I. Lindsay, D. B. II. Haynes, N. B. III. t.
_9137694
650 _aGanado
_xCrecimiento
_944901
901 _a636.2 B8
902 _aA
910 _a1986
942 _c1
942 _cc1
999 _c163529
_d163529